[Event "Ambalangoda Dhamso op 11th"]
[Site "Ambalangoda"]
[Date "2024.05.21"]
[Round "9"]
[White "Akash, GK Adheesha"]
[Black "Hari, Charan Sai Kalluri"]
[Result "0-1"]
[WhiteElo "1723"]
[BlackElo "2093"]
[PlyCount "59"]
[EventDate "2024.05.17"]
[EventType "swiss"]
[EventRounds "10"]
[EventCountry "SRI"]
[SourceTitle "CBM 220 Extra"]
[Source "ChessBase"]
[SourceDate "2024.07.31"]
[SourceVersion "1"]
[SourceVersionDate "2024.07.31"]
[SourceQuality "1"]

1. d4 d5 2. e3 Nf6 3. Bd3 c5 4. c3 Nc6 5. f4 Bg4 6. Nf3 e6 7. 0-0 Bd6 8. Qe1 Qc7 9. Ne5 Bf5 10. Qe2 0-0-0 11. Na3 Bxd3 12. Nxd3 c4 13. Ne5 Bxa3 14. bxa3 Ne4 15. Qc2 Na5 16. a4 Qe7 17. Rb1 f6 18. Rb5 fxe5 19. Rxa5 a6 20. Qb2 Qc7 21. Qb4 Rd6 22. fxe5 Rb6 23. Rf8+ Rxf8 24. Qxf8+ Qd8 25. Rc5+ Nxc5 26. Qxc5+ Kb8 27. Ba3 Rb1+ 28. Kf2 Qh4+ 29. g3 Qxh2+ 30. Kf3 0-1